O serviço público / (Record no. 583)

MARC details
000 -LÍDER
Campo Fixo de Controle 00971nam a2200277 a 4500
001 - NÚMERO DE CONTROLE
Campo de Controle 583
003 - IDENTIFICAÇÃO DO NÚMERO DE CONTROLE
Campo de Controle BR-CuiBMT
005 - DATA E HORA DA ÚLTIMA ATUALIZAÇÃO
Campo de Controle 20231109222400.0
008 - DADOS FIXOS
Dados Fixos 231109s2017 mgb 000 0 por d
020 ## - INTERNATIONAL STANDARD BOOK NUMBER
Nº do ISBN 9788545002215
040 ## - AGÊNCIA CATALOGADORA
Código da Agência Catalogadora BR-CuiBMT
Agência que transcreveu o registro BR-CuiBMT
080 ## - Nº DA CLASSIFICAÇÃO DECIMAL UNIVERSAL
Nº edição CDU 2007
Nº Class. CDU 35.081
090 ## - NÚMERO DE CHAMADA
Nº classificação 35.081
Cutter C527s
100 1# - ENTRADA PRINCIPAL -- AUTOR PESSOAL
Nome pessoal Chevallier, Jacques,
Datas associadas ao nome 1943-
245 02 - TÍTULO PRINCIPAL
Título principal O serviço público /
Indicação de responsabilidade Jacques Chevallier ; Tradução, estudo introdutório e notas explicativas de Augusto Neves Dal Pozzo e Ricardo Marcondes Martins.
260 ## - PUBLICAÇÃO, DISTRIBUIÇÃO, ETC.
Local de publicação Belo Horizonte :
Editora Forum,
Data 2017.
300 ## - DESCRIÇÃO FÍSICA
N. páginas ou volumes 122 p.:
Dimensões 22 cm
500 ## - NOTAS GERAIS
Notas gerais Tradução da décima edição de Le service public.
504 ## - NOTA DE BIBLIOGRAFIA, ETC.
Nota de bibliografia Inclui notas explicativas, bibliográficas e bibliografia.
650 ## - ASSUNTO TÓPICO
Cabeçalho tópico ou nome geográfico Direito administrativo
650 ## - ASSUNTO TÓPICO
Cabeçalho tópico ou nome geográfico Serviço público
650 ## - ASSUNTO TÓPICO
Cabeçalho tópico ou nome geográfico Direito público
700 ## - ENTRADA SECUNDÁRIA -- NOME PESSOAL
Nome pessoal Dal Pozzo, Augusto Neves
Termo de relação trad.
700 ## - ENTRADA SECUNDÁRIA -- NOME PESSOAL
Nome pessoal Martins, Ricardo Marcondes,
Datas associadas ao nome 1976-
Termo de relação trad.
942 ## - ELEMENTOS DE ENTRADA ADICIONAIS (KOHA)
Fonte de classificação ou esquema de arquivamento Classificação Decimal Universal
Tipo de item do Koha Livros
Holdings
Estado: removido Estado: perdido Fonte de classificação ou esquema de arquivamento Estado: danificado Indisponível para empréstimo Localização permanente Localização atual Data de aquisição Total Checkouts Número de Chamada completo Código de barras Date last seen Número do exemplar Preço efetivo a partir de Tipo de item (Koha)
    Classificação Decimal Universal     Biblioteca da Escola Superior de Contas do TCE/MT Biblioteca da Escola Superior de Contas do TCE/MT 16/08/2019   35.081 C527s BIBTCEMT23110389 09/11/2023 Ex. 1 09/11/2023 Livros
    Classificação Decimal Universal     Biblioteca da Escola Superior de Contas do TCE/MT Biblioteca da Escola Superior de Contas do TCE/MT 16/08/2019   35.081 C527s BIBTCEMT23110390 09/11/2023 Ex. 2 09/11/2023 Livros

Powered by Koha